| 000 | 00766 a2200229 4500 | ||
|---|---|---|---|
| 003 | OSt | ||
| 005 | 20180116192339.0 | ||
| 008 | 120510t xxu||||| |||| 00| 0 eng d | ||
| 010 | _a 93982460 | ||
| 020 | _a9211311925 | ||
| 040 | _c0 | ||
| 082 | _a728.04730 | ||
| 245 | 0 | 0 | _aEarth construction technology. |
| 260 |
_aNairobi : _bUnited Nations Centre for Human Settlements (Habitat), _c1992. |
||
| 300 |
_av, 200 p. : _bcol. ill. ; _c23 cm. |
||
| 500 | _a"HS/265/92 E"--T.p. verso. | ||
| 650 | 0 |
_aEarth construction. _91301 |
|
| 650 | 0 |
_aEarth houses _xDesign and construction _91302 |
|
| 710 | 2 |
_aUnited Nations Centre for Human Settlements. _91303 |
|
| 942 |
_aSADA _cBK _k728.04730 EAR 1992 _2ddc |
||
| 999 |
_c352586 _d352586 |
||